| 000 | 00784nam a22002537a 4500 | ||
|---|---|---|---|
| 003 | 0 | ||
| 005 | 20180808155806.0 | ||
| 008 | 0 | ||
| 010 | _aB-065066 | ||
| 020 |
_c350.00 _a8179910709 |
||
| 035 | _aB-065066, B-091570, B-091572 | ||
| 037 | _bCen Lib/Ret | ||
| 040 |
_aDPL _bEN _c0 |
||
| 082 |
_a302.14 _bZAK |
||
| 100 |
_aZakaria, Rafiq _974180 |
||
| 245 |
_aCommunal rage in secular India / _cby Rafiq Zakaria |
||
| 260 |
_aMumbai _bPopular Prakashan _c2002 |
||
| 270 |
_bMumbai _a35-C, Pt. Madan Malviya Marg, Tardo _e400013 |
||
| 300 |
_axxvi,248p. _c21cm(Hb) |
||
| 500 | _aIncludes bibliographical references and index | ||
| 650 |
_aCommunalism -- India -- Gujarat _912153 |
||
| 650 |
_aRiots -- India -- Gujarat _912154 |
||
| 942 |
_2ddc _cEN _h302.14 _mZAK |
||
| 999 |
_c124853 _d124853 |
||